000
00388nam a22001697a 4500
003
MPLRDC
005
20220104142541.0
008
210129b ||||| |||| 00| 0 eng d
082
_a
100 CTX c.3
100
_a
传统先著
245
_a
哲学与人生
_c
260
_a
_b
天文出版社
_c
1970
300
_b
平
490
_a
真善美丛刊
650
_a
942
_c
BK
_o
100 CTX c.3
999
_c
31797
_d
31787